[Event "2nd Easter 4NCL Congress"]
[Site "Daventry"]
[Date "2022.04.16"]
[Round "2"]
[Board "14"]
[White "Lawrence, Spencer"]
[Black "Ginestie, Martin"]
[Result "1-0"]
[WhiteElo "1720"]
[BlackElo "1865"]
[PlyCount "77"]
[EventDate "2022.04.15"]
[EventRounds "7"]
[EventCountry "ENG"]

1. e4 d5 2. exd5 Qxd5 3. Nc3 Qa5 4. Nf3 Nf6 5. Be2 Bf5 6. O-O e6 7. Nd4 Bg6 8.
Bf3 c6 9. d3 Qc7 10. Re1 Nbd7 11. Bg5 Bd6 12. g3 O-O 13. a3 h6 14. Bd2 Rfe8 15.
b4 a6 16. Nde2 Nd5 17. Ne4 Bxe4 18. Bxe4 N7f6 19. Bg2 b5 20. c4 bxc4 21. dxc4
Ne7 22. c5 Be5 23. Bc3 Bxc3 24. Nxc3 Rad8 25. Qc2 Nf5 26. Rad1 Nd4 27. Qb2 e5
28. Ne2 Ne6 29. Nc1 Nd7 30. Nb3 Rb8 31. Na5 Qxa5 32. Rxd7 Nd4 33. Rxd4 Qc7 34.
Rd6 e4 35. Rxe4 Rec8 36. Rxh6 gxh6 37. Rg4+ Kf8 38. Qh8+ Ke7 39. Re4+  1-0

[Event "2nd Easter 4NCL Congress"]
[Site "Daventry"]
[Date "2022.04.16"]
[Round "2"]
[Board "15"]
[White "Pitt, Chris W"]
[Black "Livesey, R Nigel"]
[Result "0-1"]
[WhiteElo "1642"]
[BlackElo "1864"]
[PlyCount "50"]
[EventDate "2022.04.15"]
[EventRounds "7"]
[EventCountry "ENG"]

1. e4 c6 2. d4 d5 3. exd5 cxd5 4. c4 Nf6 5. c5 e5 6. Nc3 exd4 7. Qxd4 Nc6 8.
Bb5 Bd7 9. Bxc6 bxc6 10. Nf3 Be7 11. O-O O-O 12. Re1 Re8 13. b4 a5 14. Na4 axb4
15. Nb6 Ra5 16. Qxb4 Rb5 17. Qh4 Ne4 18. Qf4 Bxc5 19. Nxd7 Bxf2+ 20. Kf1 Qxd7
21. Ne5 Qe6 22. Rxe4 dxe4 23. Qxf7+ Qxf7 24. Nxf7 Bd4 25. Nd6 Rf8+  0-1

[Event "2nd Easter 4NCL Congress"]
[Site "Daventry"]
[Date "2022.04.16"]
[Round "2"]
[Board "16"]
[White "Hinchcliffe, Gary"]
[Black "Coburn, Joseph A"]
[Result "1/2-1/2"]
[WhiteElo "1854"]
[BlackElo "1818"]
[PlyCount "32"]
[EventDate "2022.04.15"]
[EventRounds "7"]
[EventCountry "ENG"]

1. d4 Nf6 2. Bg5 e6 3. Nd2 Be7 4. e3 d5 5. Bd3 Nbd7 6. Ngf3 c5 7. c3 a6 8. Qe2
O-O 9. O-O Ne8 10. Bxe7 Qxe7 11. e4 dxe4 12. Nxe4 Nef6 13. Nxf6+ Nxf6 14. Rad1
cxd4 15. Nxd4 Qc5 16. Qf3 Qh5  1/2-1/2

[Event "2nd Easter 4NCL Congress"]
[Site "Daventry"]
[Date "2022.04.16"]
[Round "2"]
[Board "17"]
[White "Whitmore, Darren H"]
[Black "Pyun, Lindsay"]
[Result "1-0"]
[WhiteElo "1874"]
[BlackElo "1569"]
[PlyCount "138"]
[EventDate "2022.04.15"]
[EventRounds "7"]
[EventCountry "ENG"]

1. e4 e5 2. d4 exd4 3. Nf3 Nc6 4. Nxd4 Bc5 5. Nxc6 Qf6 6. Qd2 dxc6 7. Nc3 Ne7
8. Na4 Qd4 9. Qxd4 Bxd4 10. c3 Bf6 11. Bf4 Ng6 12. Bxc7 Be7 13. b3 Be6 14. Nb2
Rc8 15. Bg3 O-O 16. Bc4 Bxc4 17. Nxc4 Rfd8 18. Rd1 h5 19. O-O h4 20. Bd6 Bxd6
21. Rxd6 Rxd6 22. Nxd6 Rc7 23. f4 Rd7 24. Nc4 b6 25. f5 Ne7 26. Ne5 Rd2 27. f6
Ng6 28. Nxc6 Rxa2 29. Ne7+ Kh7 30. Nd5 Re2 31. Ra1 Rxe4 32. fxg7 Kxg7 33. Rxa7
Re6 34. Rb7 Ne5 35. Rxb6 Re8 36. c4 Ng4 37. Kf1 Nxh2+ 38. Kf2 Ng4+ 39. Kf3 Ne5+
40. Kf4 Ng6+ 41. Kg4 Re4+ 42. Kf3 Re1 43. c5 Ne5+ 44. Kf4 Nd3+ 45. Kg4 Nxc5 46.
Kxh4 Re5 47. Nf4 Re4 48. g3 Ne6 49. Kg4 Nxf4 50. gxf4 Rd4 51. Kg5 Rd5+ 52. f5
Rd7 53. b4 Rd8 54. b5 Rc8 55. Rc6 Rb8 56. b6 Kf8 57. Kf6 Ke8 58. Rd6 Rb7 59.
Ke5 Rb8 60. f6 Rc8 61. Kd5 Rc2 62. b7 Rb2 63. Kc6 Rc2+ 64. Kb6 Rb2+ 65. Kc7
Rc2+ 66. Rc6 Rb2 67. b8=Q+ Rxb8 68. Kxb8 Kd7 69. Ra6 Kd8  1-0

[Event "2nd Easter 4NCL Congress"]
[Site "Daventry"]
[Date "2022.04.16"]
[Round "2"]
[Board "18"]
[White "Willow, Hambel M"]
[Black "Jackson, Gary C"]
[Result "0-1"]
[WhiteElo "1751"]
[BlackElo "1949"]
[PlyCount "102"]
[EventDate "2022.04.15"]
[EventRounds "7"]
[EventCountry "ENG"]

1. d4 d5 2. c4 c6 3. Nf3 Bf5 4. Nc3 e6 5. Bf4 Bd6 6. Bxd6 Qxd6 7. e3 Nd7 8. Bd3
Bg4 9. O-O Ngf6 10. Re1 O-O 11. Rc1 a6 12. cxd5 cxd5 13. e4 dxe4 14. Nxe4 Qb6
15. Nc5 Qxb2 16. Nxd7 Nxd7 17. Bxh7+ Kh8 18. Be4 Nf6 19. Qd3 Nxe4 20. Qxe4 Bf5
21. Qh4+ Kg8 22. Ng5 Rac8 23. Rcd1 Rc4 24. h3 Qxa2 25. g4 Bg6 26. Qg3 Rd8 27.
Qe5 Qb2 28. Re2 Rc2 29. Rxc2 Qxc2 30. Re1 Qc6 31. f4 Qd5 32. Qxd5 Rxd5 33. Rc1
Rd8 34. h4 b5 35. h5 Bd3 36. Rc7 Rf8 37. Kf2 Bc4 38. Ke3 f6 39. Ne4 Ra8 40. Nc5
a5 41. Re7 Kf8 42. Rc7 Bd5 43. Nd7+ Kg8 44. Nb6 Ra6 45. Nxd5 exd5 46. Rd7 a4
47. Rc7 a3 48. Rc1 b4 49. Kd3 b3 50. g5 a2 51. g6 Ra8  0-1

[Event "2nd Easter 4NCL Congress"]
[Site "Daventry"]
[Date "2022.04.16"]
[Round "2"]
[Board "19"]
[White "Gaffney, Samuel"]
[Black "Winter, Kevin"]
[Result "1/2-1/2"]
[WhiteElo "1866"]
[BlackElo "1760"]
[PlyCount "45"]
[EventDate "2022.04.15"]
[EventRounds "7"]
[EventCountry "ENG"]

1. d4 e6 2. Nf3 f5 3. c4 Nf6 4. Nc3 Be7 5. g3 d6 6. Bg2 O-O 7. O-O a5 8. b3 Qe8
9. Nb5 Bd8 10. Bb2 Qh5 11. Re1 Ne4 12. Nd2 d5 13. e3 Qxd1 14. Rexd1 Nxd2 15.
Rxd2 c6 16. Nc3 Be7 17. Re2 Na6 18. a3 Bd7 19. f3 Bf6 20. Rd2 Bg5 21. Re2 Bf6
22. Rd1 Rae8 23. Rdd2  1/2-1/2

[Event "2nd Easter 4NCL Congress"]
[Site "Daventry"]
[Date "2022.04.16"]
[Round "2"]
[Board "20"]
[White "Stephens, Graeme"]
[Black "Nilsson, Adam"]
[Result "1/2-1/2"]
[WhiteElo "1856"]
[BlackElo "1744"]
[PlyCount "44"]
[EventDate "2022.04.15"]
[EventRounds "7"]
[EventCountry "ENG"]

1. d4 e6 2. c4 b6 3. Nf3 Bb7 4. g3 f5 5. Bg2 Bb4+ 6. Bd2 Bxd2+ 7. Qxd2 Nf6 8.
Nc3 O-O 9. O-O Ne4 10. Nxe4 fxe4 11. Ng5 e3 12. Qxe3 Bxg2 13. Kxg2 Nc6 14. Nxe6
dxe6 15. Qxe6+ Kh8 16. Qxc6 Qxd4 17. b3 Rac8 18. Qd5 Qb2 19. e4 Rfd8 20. Qg5
Rd2 21. Kh3 h6 22. Qe7 Rxf2  1/2-1/2

[Event "2nd Easter 4NCL Congress"]
[Site "Daventry"]
[Date "2022.04.16"]
[Round "2"]
[Board "21"]
[White "Murphy, Ross"]
[Black "Tomlinson, Zak"]
[Result "0-1"]
[WhiteElo "1730"]
[BlackElo "1855"]
[PlyCount "119"]
[EventDate "2022.04.15"]
[EventRounds "7"]
[EventCountry "ENG"]

1. d4 Nf6 2. c4 e6 3. a3 c5 4. Nf3 cxd4 5. Nxd4 Nc6 6. e3 a5 7. Nc3 Be7 8. Bd3
O-O 9. O-O d5 10. cxd5 Nxd5 11. Nxd5 Qxd5 12. b3 Rd8 13. Bc4 Qg5 14. Qe2 Nxd4
15. exd4 Qh4 16. Bb2 Bf6 17. g3 Qh3 18. Rad1 b6 19. f3 Bb7 20. Ba1 Rd6 21. Rf2
Rad8 22. Qe3 e5 23. d5 Bxd5 24. Bxe5 Qe6 25. f4 Bxc4 26. Rxd6 Rxd6 27. bxc4
Bxe5 28. Qxe5 Qxe5 29. fxe5 Re6 30. Rd2 g5 31. Rd8+ Kg7 32. Rd5 h5 33. Kf2 Kg6
34. h3 Kf5 35. Rb5 Ke4 36. a4 Kd4 37. Kf3 Kxc4 38. h4 gxh4 39. gxh4 Kd4 40. Kf4
Rg6 41. Kf5 Kc4 42. Rb2 Kc5 43. Rb5+ Kc6 44. Rb3 Rg4 45. Kf6 Rf4+ 46. Ke7 Rxa4
47. Kxf7 Rxh4 48. e6 Rf4+ 49. Ke8 Re4 50. e7 a4 51. Rc3+ Kb5 52. Rc8 Kb4 53.
Kf7 b5 54. e8=Q Rxe8 55. Rxe8 a3 56. Re4+ Kb3 57. Re3+ Ka4 58. Ke6 b4 59. Kd5
a2 60. Re2  0-1

[Event "2nd Easter 4NCL Congress"]
[Site "Daventry"]
[Date "2022.04.16"]
[Round "2"]
[Board "22"]
[White "Gartside, Carl"]
[Black "Fisher, Neal"]
[Result "1/2-1/2"]
[WhiteElo "1844"]
[BlackElo "1732"]
[PlyCount "134"]
[EventDate "2022.04.15"]
[EventRounds "7"]
[EventCountry "ENG"]

1. d4 Nf6 2. c4 d6 3. Nc3 c6 4. Nf3 Qa5 5. Bd2 Qc7 6. e4 e5 7. d5 Be7 8. Bd3
O-O 9. h3 Nbd7 10. O-O Re8 11. b4 Nf8 12. Qb3 Bd7 13. Rfc1 Qd8 14. Be3 Ng6 15.
Ne2 Nh5 16. Rc2 Rf8 17. c5 Kh8 18. Rac1 cxd5 19. exd5 f5 20. Ne1 e4 21. Bc4 Ne5
22. Bd4 Nxc4 23. Qxc4 dxc5 24. bxc5 Be8 25. Be5 Bf6 26. Bd6 Be7 27. Bxe7 Qxe7
28. Nd4 Nf4 29. Kh2 g6 30. g3 Nh5 31. Ne6 Rf6 32. Ng2 Bf7 33. Nef4 Nxf4 34.
Nxf4 g5 35. Ng2 f4 36. Qd4 Kg8 37. Re1 fxg3+ 38. fxg3 Re8 39. Rce2 Bg6 40. Ne3
Rf3 41. d6 Qf7 42. Nd5 h5 43. Ne7+ Kh7 44. Rg1 Rd8 45. Nxg6 Qxg6 46. Rxe4 Rdf8
47. Rg2 Qf5 48. Qe5 Qxe5 49. Rxe5 R3f5 50. Rge2 Kg6 51. Kg2 Rd8 52. g4 hxg4 53.
hxg4 Rxe5 54. Rxe5 b6 55. Re6+ Kf7 56. Re7+ Kf6 57. cxb6 axb6 58. Rb7 Rxd6 59.
a4 Ke5 60. Kf3 Kd4 61. Rg7 Rd5 62. Rg6 Ra5 63. Rxb6 Rxa4 64. Rb5 Ra3+ 65. Ke2
Ra2+ 66. Kd1 Ke4 67. Rxg5 Kf4  1/2-1/2

[Event "2nd Easter 4NCL Congress"]
[Site "Daventry"]
[Date "2022.04.16"]
[Round "2"]
[Board "23"]
[White "Sloan, Cecil"]
[Black "Waterfield, Mark Bw"]
[Result "0-1"]
[WhiteElo "1699"]
[BlackElo "1832"]
[PlyCount "98"]
[EventDate "2022.04.15"]
[EventRounds "7"]
[EventCountry "ENG"]

1. e4 e6 2. d4 d5 3. Nc3 Bb4 4. e5 b6 5. Bd2 Qd7 6. Nf3 Ba6 7. Bxa6 Nxa6 8. Qe2
Nb8 9. O-O Nc6 10. a3 Bf8 11. Nd1 Nge7 12. Ne3 O-O-O 13. a4 Nb8 14. b4 f5 15.
c3 h6 16. b5 g5 17. a5 f4 18. Ng4 Bg7 19. axb6 cxb6 20. Ra2 Kb7 21. Nf6 Qc7 22.
Rfa1 Nc8 23. Nh5 g4 24. Nh4 f3 25. Qd3 fxg2 26. Nxg7 Qxg7 27. Qg6 Qe7 28. Qf6
Qd7 29. Bxh6 Rh7 30. Bg5 Rg8 31. Qf4 Qxb5 32. Qxg4 Qe8 33. f4 Rc7 34. Qf3 Qb5
35. Kxg2 Qb3 36. Ra3 Qc2+ 37. Kh3 Nc6 38. R1a2 Qh7 39. Qe2 Na5 40. Qc2 Qd7 41.
Ng2 Nc4 42. Rb3 Qe8 43. Kg3 Qh5 44. h4 Ne7 45. Qe2 Nf5+ 46. Kh3 Qh8 47. h5 Rh7
48. h6 Rxh6+ 49. Kg4 Rh3  0-1

[Event "2nd Easter 4NCL Congress"]
[Site "Daventry"]
[Date "2022.04.16"]
[Round "2"]
[Board "24"]
[White "Zhao, George"]
[Black "Georgiou, George"]
[Result "1-0"]
[WhiteElo "1540"]
[BlackElo "1807"]
[PlyCount "107"]
[EventDate "2022.04.15"]
[EventRounds "7"]
[EventCountry "ENG"]

1. d4 d5 2. c4 c6 3. g3 Nf6 4. Bg2 dxc4 5. Nf3 Bf5 6. Nbd2 e6 7. Nxc4 Be7 8.
O-O Nbd7 9. b3 O-O 10. Bb2 Nb6 11. Rc1 h6 12. Re1 Ne4 13. Nfd2 Nxd2 14. Qxd2
Rc8 15. e4 Bh7 16. Nxb6 Qxb6 17. d5 Bg5 18. Qc3 e5 19. Rc2 Bf6 20. Ba3 Rfd8 21.
Bc5 Qc7 22. Bxa7 Qd7 23. Rd2 cxd5 24. Qa5 d4 25. f4 Qe7 26. Bb6 Re8 27. fxe5
Bxe5 28. Bxd4 Bd6 29. Bc3 Bg6 30. e5 Bc5+ 31. Kh1 b6 32. Qb5 Qc7 33. Rd7 Qb8
34. Rb7 Qa8 35. a4 Red8 36. Rxf7 Bd3 37. e6 Bxb5 38. Bxa8 Rxa8 39. axb5 Bd4 40.
Bb4 Bf6 41. Rb7 Rd3 42. Rxb6 Rxb3 43. Bc5 Rc8 44. Rc6 Rb8 45. b6 Rb5 46. Bd6
Re8 47. Bc5 Be7 48. Bxe7 Rxe7 49. Rc7 Re8 50. b7 Rb6 51. Rc8 Kf8 52. e7+ Kf7
53. Rf1+ Kxe7 54. Re1+  1-0

[Event "2nd Easter 4NCL Congress"]
[Site "Daventry"]
[Date "2022.04.16"]
[Round "2"]
[Board "25"]
[White "Chantrell, Paul"]
[Black "Isik, Muhammed Oguz"]
[Result "1-0"]
[WhiteElo "1783"]
[BlackElo "1492"]
[PlyCount "111"]
[EventDate "2022.04.15"]
[EventRounds "7"]
[EventCountry "ENG"]

1. e4 e5 2. Nf3 Nc6 3. d4 exd4 4. Bc4 Bc5 5. c3 Nf6 6. cxd4 Bb4+ 7. Bd2 Bxd2+
8. Nbxd2 d5 9. exd5 Nxd5 10. O-O O-O 11. Nb3 Bg4 12. h3 Bh5 13. g3 Re8 14. a3
Qd6 15. Kg2 Re4 16. Bd3 f5 17. Re1 Rae8 18. Qd2 R4e7 19. Bc4 a6 20. Rxe7 Rxe7
21. Re1 Rxe1 22. Qxe1 b5 23. Bd3 Nde7 24. Be2 Qd5 25. Qc3 Qe4 26. Qd2 Nd5 27.
Nc5 Qe7 28. Nxa6 f4 29. g4 Bg6 30. Bxb5 Nd8 31. Nc5 c6 32. Bc4 Nf7 33. Bxd5
cxd5 34. Qxf4 h6 35. Ne5 Nxe5 36. Qxe5 Qxe5 37. dxe5 Bc2 38. f4 Kf7 39. f5 h5
40. Kf2 h4 41. a4 d4 42. a5 Bb1 43. a6 Ba2 44. b3 g6 45. a7 gxf5 46. a8=Q Bb1
47. Qd5+ Kg6 48. Qxd4 Kg5 49. Qe3+ Kg6 50. e6 fxg4 51. hxg4 Bf5 52. gxf5+ Kg7
53. Qg5+ Kh7 54. Qg6+ Kh8 55. f6 h3 56. Qg7#  1-0

[Event "2nd Easter 4NCL Congress"]
[Site "Daventry"]
[Date "2022.04.16"]
[Round "3"]
[Board "1"]
[White "Tart, Peter K"]
[Black "Angheluta, Ovidiu"]
[Result "0-1"]
[WhiteElo "1962"]
[BlackElo "1992"]
[PlyCount "80"]
[EventDate "2022.04.15"]
[EventRounds "7"]
[EventCountry "ENG"]

1. e4 d5 2. exd5 Qxd5 3. Nf3 Nf6 4. Be2 Bf5 5. c4 Qa5 6. O-O e6 7. d4 c6 8. Bd2
Qc7 9. Nc3 Bd6 10. d5 Nbd7 11. dxc6 bxc6 12. h3 h6 13. Nd4 Bh7 14. Qa4 Rc8 15.
Rfe1 Nc5 16. Qd1 O-O 17. Be3 Rfd8 18. b4 Nce4 19. Nxe4 Nxe4 20. Qb3 Rb8 21. c5
Bh2+ 22. Kh1 Be5 23. Rad1 Nxc5 24. Qc4 Bxd4 25. Bxd4 Na4 26. Bf3 Qe7 27. Qxc6
Qxb4 28. Bxa7 Rbc8 29. Rxd8+ Rxd8 30. Rc1 Bg6 31. Be3 Nb2 32. Qc7 Qb8 33. Qc3
Nd3 34. Rd1 Qb5 35. Kg1 e5 36. Be2 e4 37. Bd4 f6 38. Qc7 Rxd4 39. Qc8+ Kh7 40.
Rc1 Qf5  0-1

[Event "2nd Easter 4NCL Congress"]
[Site "Daventry"]
[Date "2022.04.16"]
[Round "3"]
[Board "2"]
[White "Mcdonnell, James J"]
[Black "Kay, Lee P"]
[Result "1/2-1/2"]
[WhiteElo "1929"]
[BlackElo "1978"]
[PlyCount "75"]
[EventDate "2022.04.15"]
[EventRounds "7"]
[EventCountry "ENG"]

1. e4 g6 2. d4 Bg7 3. Nc3 c6 4. f4 d5 5. e5 Nh6 6. Nf3 O-O 7. Bd3 f6 8. O-O Bg4
9. Nb1 Qb6 10. exf6 Bxf6 11. c3 c5 12. dxc5 Qxc5+ 13. Kh1 Nc6 14. Nbd2 Bg7 15.
Nb3 Qd6 16. Qe1 Bxf3 17. Rxf3 e5 18. fxe5 Nxe5 19. Rxf8+ Rxf8 20. Be2 Nhg4 21.
Qg3 Nf2+ 22. Kg1 Ne4 23. Qe3 Qf6 24. Nd2 Bh6 25. Qd4 Bxd2 26. Bxd2 Nxd2 27.
Qxd5+ Rf7 28. Qxd2 Qf2+ 29. Kh1 Kg7 30. h3 Rd7 31. Qe1 Qxe1+ 32. Rxe1 Rd2 33.
Bb5 Kf6 34. Rb1 a6 35. Bf1 Kf5 36. Kg1 Kf4 37. a3 g5 38. b3  1/2-1/2

[Event "2nd Easter 4NCL Congress"]
[Site "Daventry"]
[Date "2022.04.16"]
[Round "3"]
[Board "3"]
[White "Mckay, Jonathan"]
[Black "Manawadu, Dilhan"]
[Result "1-0"]
[WhiteElo "1964"]
[BlackElo "1941"]
[PlyCount "95"]
[EventDate "2022.04.15"]
[EventRounds "7"]
[EventCountry "ENG"]

1. e4 c5 2. Nc3 Nc6 3. Bb5 a6 4. Bxc6 bxc6 5. d4 cxd4 6. Qxd4 e6 7. e5 d5 8.
exd6 Qxd6 9. Qa4 Bb7 10. a3 Nf6 11. Nf3 Qc7 12. Bf4 Bd6 13. Bg3 Bxg3 14. hxg3
Rd8 15. Nd4 Qe5+ 16. Nde2 O-O 17. O-O c5 18. Rfe1 Qh5 19. Nf4 Qh6 20. Nfe2 Qg6
21. Qh4 Qxc2 22. g4 Qg6 23. f3 h6 24. Nf4 Qg5 25. Qg3 Rd2 26. Nh3 Qg6 27. Nf4
Qc2 28. g5 hxg5 29. Qxg5 Qxb2 30. Ne4 Qd4+ 31. Kh2 Nxe4 32. fxe4 Bxe4 33. Rac1
Bd5 34. Ne2 Qb2 35. Rb1 Qc2 36. Rbc1 Qh7+ 37. Kg1 Rc2 38. Rcd1 Qh6 39. Qe5 Qg6
40. Qh2 Qg4 41. Nf4 Bc6 42. Rd3 g5 43. Rh3 Kg7 44. Rh7+ Kf6 45. Qh6+ Kf5 46.
Rxf7+ Rxf7 47. Qxe6+ Kxf4 48. Qe5#  1-0

[Event "2nd Easter 4NCL Congress"]
[Site "Daventry"]
[Date "2022.04.16"]
[Round "3"]
[Board "4"]
[White "Moss, Jack O"]
[Black "Sajanani, Vikas"]
[Result "1/2-1/2"]
[WhiteElo "1659"]
[BlackElo "1963"]
[PlyCount "84"]
[EventDate "2022.04.15"]
[EventRounds "7"]
[EventCountry "ENG"]

1. e4 e5 2. Nf3 Nc6 3. Nc3 Nf6 4. d4 exd4 5. Nxd4 Nxe4 6. Nxc6 Nxc3 7. Nxd8
Nxd1 8. Nxf7 Kxf7 9. Bc4+ Kf6 10. Kxd1 c6 11. Be3 d5 12. Bd3 c5 13. c3 Bd6 14.
Kd2 Re8 15. Rhe1 Bf5 16. Bxf5 Kxf5 17. g4+ Kg6 18. h3 Re7 19. f4 Rae8 20. f5+
Kf6 21. Bf2 Re4 22. Rxe4 Rxe4 23. Re1 Bf4+ 24. Kd1 b6 25. Rxe4 dxe4 26. Ke2 h5
27. Bh4+ Bg5 28. Bg3 hxg4 29. hxg4 Bc1 30. Bh4+ Ke5 31. Bg3+ Kd5 32. b3 c4 33.
Bf2 cxb3 34. axb3 Bg5 35. Bg1 Be7 36. Be3 Bc5 37. Bf4 b5 38. g5 Be7 39. Kd2 a5
40. Kc2 Bc5 41. Kd2 Be7 42. Kc2 Bc5  1/2-1/2

[Event "2nd Easter 4NCL Congress"]
[Site "Daventry"]
[Date "2022.04.16"]
[Round "3"]
[Board "5"]
[White "Gibbs, Dominic V"]
[Black "Lawrence, Spencer"]
[Result "1-0"]
[WhiteElo "1993"]
[BlackElo "1720"]
[PlyCount "115"]
[EventDate "2022.04.15"]
[EventRounds "7"]
[EventCountry "ENG"]

1. c4 e6 2. Nc3 Nf6 3. e4 d5 4. e5 Nfd7 5. d4 dxc4 6. Bxc4 Nb6 7. Bb3 c5 8. Nf3
Nc6 9. dxc5 Qxd1+ 10. Kxd1 Bxc5 11. Ne4 Be7 12. Be3 O-O 13. Ke2 Nd7 14. Bf4 Nc5
15. Nxc5 Bxc5 16. Rhd1 b6 17. Bc4 Bb7 18. a3 Rfd8 19. Bg5 Be7 20. Be3 Rac8 21.
Rac1 Rxd1 22. Kxd1 Na5 23. Be2 Rxc1+ 24. Kxc1 Nb3+ 25. Kc2 Nc5 26. b4 Nd7 27.
Bd4 Bd5 28. Ne1 Bg5 29. g3 f6 30. f4 fxe5 31. fxe5 Bd8 32. Nd3 Bc7 33. Kc3 Kf7
34. Bg4 Be4 35. Nf4 Nf8 36. h4 h6 37. h5 g5 38. hxg6+ Bxg6 39. Kc4 Be4 40. Bc3
Bc6 41. Kd4 Bd7 42. Bh5+ Ke7 43. Bd2 Be8 44. Bxe8 Kxe8 45. Nd3 h5 46. Ke4 Ng6
47. Bg5 Kd7 48. b5 Ne7 49. Bxe7 Kxe7 50. Nf4 Kd7 51. Nxh5 a6 52. Nf6+ Kc8 53.
bxa6 b5 54. g4 Bd8 55. g5 Be7 56. g6 Bf8 57. Kd4 Kc7 58. g7  1-0

[Event "2nd Easter 4NCL Congress"]
[Site "Daventry"]
[Date "2022.04.16"]
[Round "3"]
[Board "6"]
[White "Dean, Robert A"]
[Black "Arora, Tashika"]
[Result "1/2-1/2"]
[WhiteElo "1909"]
[BlackElo "1986"]
[PlyCount "98"]
[EventDate "2022.04.15"]
[EventRounds "7"]
[EventCountry "ENG"]

1. Nf3 Nf6 2. d4 e6 3. Bg5 d5 4. Nbd2 Be7 5. e3 O-O 6. Bd3 b6 7. O-O Bb7 8. Ne5
Nbd7 9. Ndf3 Ne4 10. Bf4 c5 11. c3 f6 12. Nxd7 Qxd7 13. Rc1 Rad8 14. Re1 Bd6
15. Bxd6 Qxd6 16. Bb1 Qe7 17. Qc2 g6 18. Nd2 Nxd2 19. Qxd2 e5 20. f3 Rfe8 21.
Qf2 Rd6 22. Qg3 Kh8 23. Qh4 f5 24. Qxe7 Rxe7 25. dxe5 Rxe5 26. Kf2 Kg7 27. Rcd1
Re7 28. a3 Rde6 29. Ba2 c4 30. Bb1 Kf6 31. g3 b5 32. Bc2 a5 33. h4 h5 34. Ra1
Rb6 35. Reb1 Rc7 36. f4 Bc6 37. Bd1 Rcb7 38. Bf3 Ke6 39. b4 cxb3 40. Rxb3 Kd6
41. Rab1 Kc5 42. Be2 b4 43. axb4+ axb4 44. cxb4+ Rxb4 45. Rxb4 Rxb4 46. Rxb4
Kxb4 47. Ba6 Bb5 48. Bc8 Kc5 49. Be6 Be8  1/2-1/2

[Event "2nd Easter 4NCL Congress"]
[Site "Daventry"]
[Date "2022.04.16"]
[Round "3"]
[Board "7"]
[White "Livesey, R Nigel"]
[Black "Obi, Okwose Marc"]
[Result "0-1"]
[WhiteElo "1864"]
[BlackElo "1921"]
[PlyCount "120"]
[EventDate "2022.04.15"]
[EventRounds "7"]
[EventCountry "ENG"]

1. c4 Nf6 2. g3 c6 3. Bg2 d5 4. Nf3 Bf5 5. Qb3 Qb6 6. O-O e6 7. d4 dxc4 8. Qxc4
Be7 9. Nc3 Nbd7 10. Re1 O-O 11. e4 Bg6 12. d5 cxd5 13. exd5 exd5 14. Nxd5 Nxd5
15. Qxd5 Nf6 16. Qb3 Bc5 17. Qxb6 Bxb6 18. Be3 Bxe3 19. Rxe3 Rac8 20. Re2 Rfe8
21. Rxe8+ Nxe8 22. Re1 Kf8 23. Nd4 b6 24. Nc6 a5 25. Re3 Bc2 26. Nd4 Ba4 27.
Bh3 Rc1+ 28. Kg2 Rd1 29. Nb3 Bb5 30. Kf3 Rb1 31. Nd4 Bc4 32. Rc3 Bd5+ 33. Ke3
Rxb2 34. Rc8 Be6 35. Nxe6+ fxe6 36. Bxe6 Ke7 37. Bb3 b5 38. Rc5 a4 39. Re5+ Kd6
40. Rxe8 axb3 41. axb3 Rxb3+ 42. Kd2 Rf3 43. Ke2 Rf7 44. f4 Re7+ 45. Rxe7 Kxe7
46. Ke3 Ke6 47. h3 Kd6 48. f5 h5 49. g4 hxg4 50. hxg4 Ke5 51. Kf3 b4 52. Ke3 b3
53. Kd3 Kf4 54. Kc3 Kxg4 55. Kxb3 Kxf5 56. Kc2 Kf4 57. Kd2 Kf3 58. Ke1 Kg2 59.
Ke2 g5 60. Ke3 g4  0-1

[Event "2nd Easter 4NCL Congress"]
[Site "Daventry"]
[Date "2022.04.16"]
[Round "3"]
[Board "8"]
[White "Ortiz Sanchez, Luis"]
[Black "Fava, Lorenzo"]
[Result "1-0"]
[WhiteElo "1987"]
[BlackElo "1846"]
[PlyCount "97"]
[EventDate "2022.04.15"]
[EventRounds "7"]
[EventCountry "ENG"]

1. d4 Nf6 2. Nf3 e6 3. Bf4 b6 4. e3 Bb7 5. Bd3 Be7 6. h3 c5 7. c3 d5 8. Bxb8
Qxb8 9. Bb5+ Kf8 10. Ne5 a6 11. Bd3 Bd6 12. f4 Qd8 13. O-O g6 14. Nd2 Ne4 15.
Ndf3 Kg7 16. Qc2 f6 17. Ng4 b5 18. Bxe4 dxe4 19. Nd2 f5 20. Ne5 cxd4 21. cxd4
Rc8 22. Qd1 Bxe5 23. fxe5 Qg5 24. Rf4 Bd5 25. a3 Qe7 26. Nb1 Qb7 27. Rf2 a5 28.
Nc3 Rc7 29. a4 b4 30. Nb5 Rc6 31. Nd6 Qc7 32. Rf1 Bc4 33. Re1 Bd3 34. Rc1 Bc2
35. Qd2 Bxa4 36. Rxc6 Bxc6 37. Rc1 Qd7 38. Rc5 Ra8 39. Nc4 Ra6 40. Qc2 a4 41.
Na5 Rxa5 42. Rxa5 Bd5 43. Qc5 Qd8 44. Qxb4 Qc7 45. Rc5 Qe7 46. Qb8 Kh6 47. Rc7
Qh4 48. Qf8+ Kg5 49. Qf6+  1-0

[Event "2nd Easter 4NCL Congress"]
[Site "Daventry"]
[Date "2022.04.16"]
[Round "3"]
[Board "9"]
[White "Ashcroft, Graham J"]
[Black "Neatherway, A Philip"]
[Result "1/2-1/2"]
[WhiteElo "1982"]
[BlackElo "1823"]
[PlyCount "83"]
[EventDate "2022.04.15"]
[EventRounds "7"]
[EventCountry "ENG"]

1. c4 e5 2. g3 d6 3. Bg2 f5 4. Nc3 Nf6 5. d3 Be7 6. e4 O-O 7. Nge2 fxe4 8. dxe4
c6 9. O-O Be6 10. b3 Na6 11. h3 Qc7 12. Be3 Rad8 13. Rc1 Qd7 14. Kh2 d5 15.
cxd5 cxd5 16. exd5 Nxd5 17. Nxd5 Bxd5 18. Bxd5+ Qxd5 19. Qxd5+ Rxd5 20. Nc3 Rd3
21. Rfd1 Rfd8 22. Rxd3 Rxd3 23. Ne4 b6 24. Kg2 Kf7 25. Rc3 h6 26. Kf3 Nb4 27.
Rc7 Nxa2 28. Rxa7 Nc3 29. Rb7 Nd5 30. Nd6+ Ke6 31. Ne8 Nxe3 32. fxe3 Bc5 33.
Nxg7+ Kf6 34. Ne8+ Ke6 35. b4 Rxe3+ 36. Kf2 Bd4 37. Nc7+ Kf5 38. Nb5 Rb3+ 39.
Nxd4+ exd4 40. Rxb6 Ke4 41. b5 Rb2+ 42. Ke1  1/2-1/2

[Event "2nd Easter 4NCL Congress"]
[Site "Daventry"]
[Date "2022.04.16"]
[Round "3"]
[Board "10"]
[White "Waterfield, Mark Bw"]
[Black "Fallowfield, Nicholas"]
[Result "1/2-1/2"]
[WhiteElo "1832"]
[BlackElo "1959"]
[PlyCount "34"]
[EventDate "2022.04.15"]
[EventRounds "7"]
[EventCountry "ENG"]

1. e4 Nf6 2. e5 Nd5 3. d4 d6 4. c4 Nb6 5. f4 dxe5 6. fxe5 c5 7. d5 g6 8. Nf3
Bg4 9. b3 Bg7 10. Bb2 N8d7 11. Qe2 O-O 12. Nbd2 e6 13. d6 f6 14. O-O-O Nxe5 15.
h3 Bxf3 16. Nxf3 Nbd7 17. Qe4 Rb8  1/2-1/2

[Event "2nd Easter 4NCL Congress"]
[Site "Daventry"]
[Date "2022.04.16"]
[Round "3"]
[Board "11"]
[White "Jackson, Gary C"]
[Black "Basson, Heinrich"]
[Result "0-1"]
[WhiteElo "1949"]
[BlackElo "1823"]
[PlyCount "102"]
[EventDate "2022.04.15"]
[EventRounds "7"]
[EventCountry "ENG"]

1. e4 d5 2. exd5 Qxd5 3. Nf3 Nf6 4. Be2 c6 5. d4 Bg4 6. O-O e6 7. h3 Bh5 8. c4
Qd6 9. Nc3 Nbd7 10. Be3 Be7 11. a3 a5 12. Qd2 Qc7 13. Rac1 Rd8 14. Rfd1 O-O 15.
Qe1 Bd6 16. d5 Rfe8 17. dxc6 bxc6 18. g3 Rb8 19. Rd2 Rb7 20. Rcd1 Bc5 21. Bf4
e5 22. Bg5 h6 23. Bxf6 Nxf6 24. Kg2 e4 25. Nd4 e3 26. fxe3 Rxe3 27. Nf5 Bf3+
28. Kh2 Re5 29. Nh4 Bxe2 30. Rxe2 Rxe2+ 31. Qxe2 Qb8 32. Rd2 Rb3 33. Nf5 Bxa3
34. Nd1 Bc5 35. Rd3 a4 36. Qd2 Rxd3 37. Qxd3 Qe5 38. Nc3 Qe1 39. Ne2 Qf2+ 40.
Kh1 h5 41. Qd8+ Kh7 42. Qd3 g6 43. Nh4 Kg7 44. Nf3 Qf1+ 45. Kh2 Qf2+ 46. Kh1
Be3 47. Ne5 c5 48. Qd1 Ne4 49. g4 h4 50. Nd3 Qf3+ 51. Kh2 Nd2  0-1